000
00342nam a2200133Ia 4500
001
960
008
241024s9999 xx 000 0 und d
082
_a
RD/370.97293/ID19p/1
100
_a
IDEICE
245
0
_a
Plan Estratégico y Operativo Presupuesto 2010
260
_b
Santo Domingo
_c
2010
901
_a
13/12/2010 2:41:36 p.m.
999
_c
9147
_d
9147